| 000 | 00492nam a2200169Ia 4500 | ||
|---|---|---|---|
| 999 |
_c21015 _d21015 |
||
| 003 | OSt | ||
| 005 | 20200707125930.0 | ||
| 008 | 190216s9999||||xx |||||||||||||| ||und|| | ||
| 040 | _coclc | ||
| 082 |
_a950 _bSIN/H |
||
| 100 |
_aSingh, Akshay Kumar _93612 |
||
| 245 | 0 |
_aA History Of Far East In Modern Times / _cAkshay Kumar Singh |
|
| 260 |
_bSurjeet Publications, _aDelhi: _c2003. |
||
| 300 | _a328p | ||
| 650 | _aHistory | ||
| 942 |
_cBK _2ddc _h950 _iSIN/H _k950 _mSIN/H |
||